[Event "Festugeturneringen 2017 Festgruppen"]
[Site "Aarhus"]
[Date "????.??.??"]
[Round "4"]
[White "Hansen, Lars"]
[Black "Skaarup, Kasper"]
[Result "1-0"]
[WhiteElo "2268"]
[BlackElo "1853"]
[PlyCount "79"]
[EventType "swiss"]
[EventRounds "7"]
[EventCountry "DEN"]

1. g3 d5 2. Bg2 Nf6 3. d3 Bf5 4. Nd2 e6 5. e4 Bg6 6. Qe2 Be7 7. Ngf3 O-O 8. Ne5
Nbd7 9. Nxg6 hxg6 10. O-O c6 11. e5 Nh7 12. f4 Qb6+ 13. Kh1 Rae8 14. Nf3 Bc5
15. c3 a5 16. Rb1 Ra8 17. h4 Rfe8 18. d4 Bf8 19. Be3 Qc7 20. Rf2 b5 21. Bf1 Nb6
22. Rh2 f5 23. g4 Qf7 24. Qc2 Nc4 25. Bc1 Be7 26. Bd3 Rf8 27. Ng5 Nxg5 28. hxg5
Qe8 29. b3 Nb6 30. Be3 Qd7 31. Re1 Kf7 32. Bc1 Ke8 33. Rh7 Rg8 34. gxf5 gxf5
35. Bxf5 exf5 36. e6 Qc7 37. Qxf5 Bd6 38. Qg6+ Kf8 39. f5 Re8 40. f6 1-0

[Event "Festugeturneringen 2017 Festgruppen"]
[Site "Aarhus"]
[Date "????.??.??"]
[Round "4"]
[White "Hardlei, Johan"]
[Black "Light, Bjarne"]
[Result "1-0"]
[WhiteElo "2171"]
[BlackElo "2223"]
[PlyCount "175"]
[EventType "swiss"]
[EventRounds "7"]
[EventCountry "DEN"]

1. d4 Nf6 2. Nf3 d5 3. c4 e6 4. e3 Bb4+ 5. Bd2 Bd6 6. Bd3 b6 7. O-O O-O 8. Nc3
Ba6 9. Qe2 c5 10. cxd5 Bxd3 11. Qxd3 exd5 12. dxc5 bxc5 13. Nb5 Be7 14. Bc3
Nbd7 15. Bxf6 Nxf6 16. b3 Qa5 17. Rfd1 Rfd8 18. Nc3 Rac8 19. Rac1 h6 20. Qb5
Qc7 21. h3 Rb8 22. Qe2 Qa5 23. Ne5 Rbc8 24. Ng4 c4 25. bxc4 dxc4 26. Nxf6+ Bxf6
27. Rxd8+ Bxd8 28. Ne4 Qd5 29. Nc3 Qe6 30. Qd2 Be7 31. Qd5 Qa6 32. Qd7 Ba3 33.
Rc2 Rb8 34. Qa4 Rb1+ 35. Kh2 Qd6+ 36. g3 Rb7 37. Qe8+ Qf8 38. Qc6 Rb8 39. Qxc4
Rc8 40. Qd4 Bb4 41. Rc1 Bc5 42. Qd3 Bb6 43. Rd1 Qa3 44. Nd5 Qxd3 45. Rxd3 Rc2
46. Nxb6 axb6 47. Kg2 Rxa2 48. Rb3 Ra6 49. Kf3 Kf8 50. Ke4 Ke7 51. Kd5 Kd7 52.
e4 Ra5+ 53. Kd4 Kc6 54. f4 Ra1 55. Ke5 Ra5+ 56. Kd4 Ra7 57. Rc3+ Kd7 58. g4 Ra1
59. e5 g6 60. Ke4 Re1+ 61. Kd5 Rd1+ 62. Ke4 Re1+ 63. Kd5 Rd1+ 64. Kc4 Rf1 65.
Rd3+ Kc7 66. Rd4 Rf3 67. h4 Rh3 68. Rd6 Rxh4 69. Rf6 Rxg4 70. Rxf7+ Kc6 71.
Rf6+ Kd7 72. Kd5 b5 73. Rf7+ Ke8 74. Ke6 h5 75. Rb7 Kf8 76. f5 gxf5 77. Kf6 Kg8
78. e6 Re4 79. e7 f4 80. Rxb5 f3 81. Rg5+ Kh7 82. Rxh5+ Kg8 83. Rg5+ Kh7 84.
Rf5 Kg8 85. Rxf3 Re2 86. Rf5 Re1 87. Rg5+ Kh8 88. Re5 1-0

[Event "Festugeturneringen 2017 Festgruppen"]
[Site "Aarhus"]
[Date "????.??.??"]
[Round "4"]
[White "Iversen, Flemming Pagh"]
[Black "Wegger, Alfred"]
[Result "1-0"]
[WhiteElo "1779"]
[BlackElo "1644"]
[PlyCount "67"]
[EventType "swiss"]
[EventRounds "7"]
[EventCountry "DEN"]

1. e4 c5 2. Nf3 Nc6 3. d4 cxd4 4. Nxd4 e6 5. Nc3 Nf6 6. Be3 Bb4 7. Bd3 O-O 8.
O-O Bxc3 9. bxc3 e5 10. Nb3 b6 11. f3 Bb7 12. Qe2 Qe7 13. a4 d6 14. a5 Nd7 15.
a6 Bc8 16. Bb5 Nd8 17. Rfd1 Ne6 18. Qd2 Ndc5 19. Qxd6 Qxd6 20. Rxd6 Nxb3 21.
cxb3 Nc7 22. Be2 Be6 23. b4 Rac8 24. Rc1 Rfd8 25. Rxd8+ Rxd8 26. b5 Bb3 27. c4
Ne6 28. c5 bxc5 29. Bxc5 Rc8 30. Be3 Rxc1+ 31. Bxc1 Nd4 32. b6 Ba4 33. b7 Nc6
34. Be3 1-0

[Event "Festugeturneringen 2017 Festgruppen"]
[Site "Aarhus"]
[Date "????.??.??"]
[Round "4"]
[White "Rasmussen, Jens"]
[Black "Matthiesen, Martin"]
[Result "0-1"]
[WhiteElo "1748"]
[BlackElo "2291"]
[PlyCount "60"]
[EventType "swiss"]
[EventRounds "7"]
[EventCountry "DEN"]

1. d4 f5 2. Nf3 Nf6 3. e3 g6 4. Bd3 Bg7 5. c4 O-O 6. Nbd2 d6 7. d5 c6 8. Qb3
Nbd7 9. e4 fxe4 10. Nxe4 Nxe4 11. Bxe4 Nc5 12. Qc2 Nxe4 13. Qxe4 Bf5 14. Qe3
cxd5 15. cxd5 Qa5+ 16. Qd2 Qb5 17. a4 Qc4 18. Ng5 Bd3 19. Ra3 Rac8 20. Qxd3
Qxc1+ 21. Qd1 Qxg5 22. O-O Bxb2 23. Rb3 Rc1 24. Qe2 Rxf1+ 25. Kxf1 Bd4 26. Qe6+
Kg7 27. Rf3 Qc1+ 28. Ke2 Qc2+ 29. Kf1 Rxf3 30. Qxe7+ Rf7 0-1

[Event "Festugeturneringen 2017 Festgruppen"]
[Site "Aarhus"]
[Date "????.??.??"]
[Round "4"]
[White "Rasmussen, Karsten"]
[Black "Miqueu, Jean-Philippe"]
[Result "1-0"]
[WhiteElo "2440"]
[BlackElo "2106"]
[PlyCount "69"]
[EventType "swiss"]
[EventRounds "7"]
[EventCountry "DEN"]

1. c4 c6 2. e4 e5 3. Nf3 d6 4. d4 Nd7 5. Nc3 Ngf6 6. Be2 Be7 7. O-O O-O 8. Qc2
a6 9. Rb1 b5 10. b4 Bb7 11. dxe5 dxe5 12. c5 Qc7 13. Ne1 Rfe8 14. Nd3 Nf8 15.
f4 N6d7 16. f5 h6 17. Be3 Nh7 18. Ne1 Rad8 19. h3 Bc8 20. Nf3 Ndf6 21. g4 Nd7
22. h4 Ndf6 23. Nh2 Kh8 24. Rf2 Bf8 25. g5 Ng8 26. Kh1 a5 27. a3 axb4 28. axb4
Be7 29. Rg1 Rd4 30. Qb3 Bd8 31. Nf3 Rd7 32. Rfg2 f6 33. gxh6 Ree7 34. Nxb5 cxb5
35. Bxb5 1-0

[Event "Festugeturneringen 2017 Festgruppen"]
[Site "Aarhus"]
[Date "????.??.??"]
[Round "4"]
[White "Taylor, Graham Christopher"]
[Black "Vangsgard, Freja"]
[Result "1-0"]
[WhiteElo "1864"]
[BlackElo "2062"]
[PlyCount "111"]
[EventType "swiss"]
[EventRounds "7"]
[EventCountry "DEN"]

1. c4 Nf6 2. Nf3 e6 3. g3 b6 4. Bg2 Bb7 5. O-O Be7 6. Nc3 O-O 7. Re1 d6 8. e4
e5 9. d4 Nbd7 10. Qc2 Re8 11. d5 Nf8 12. h3 Ng6 13. Be3 h5 14. b4 h4 15. Nd2
hxg3 16. fxg3 Nh5 17. Bf2 Bf8 18. Ne2 Bc8 19. c5 Bd7 20. Rac1 Qg5 21. Nf3 Qh6
22. Qd2 Nf6 23. Qxh6 gxh6 24. Nd2 Nh7 25. cxb6 cxb6 26. Rc7 Nf6 27. Rec1 Rec8
28. Rxc8 Rxc8 29. Rxc8 Bxc8 30. a4 Nd7 31. Nc3 Ba6 32. Bf1 Bxf1 33. Kxf1 Ne7
34. Nb5 Nc8 35. Nc4 Kg7 36. a5 Kf6 37. Ke2 Ke7 38. axb6 axb6 39. g4 Bg7 40. Kd3
Bf8 41. Ne3 f6 42. Nf5+ Kf7 43. Be3 Kg6 44. Kc4 h5 45. Nh4+ Kf7 46. gxh5 Kg7
47. Nf5+ Kf7 48. h4 Be7 49. h6 Nf8 50. h5 Nh7 51. Nc3 Bd8 52. Kb5 Na7+ 53. Ka6
Nc8 54. Kb7 Ne7 55. Nxd6+ Kg8 56. Bxb6 1-0

[Event "Festugeturneringen 2017 Festgruppen"]
[Site "Aarhus"]
[Date "????.??.??"]
[Round "4"]
[White "Thogersen, Rasmus"]
[Black "Skytte, Rasmus"]
[Result "1/2-1/2"]
[WhiteElo "2252"]
[BlackElo "2394"]
[PlyCount "80"]
[EventType "swiss"]
[EventRounds "7"]
[EventCountry "DEN"]

1. e4 e6 2. d4 d5 3. Nc3 Nf6 4. e5 Ng8 5. f4 Nh6 6. Nf3 b6 7. Be3 c5 8. Qd2 Be7
9. Bf2 O-O 10. h3 Nf5 11. Bd3 Nxd4 12. Nxd4 cxd4 13. Ne2 Ba6 14. Nxd4 Bxd3 15.
cxd3 Bc5 16. Rc1 Qd7 17. Qc3 Na6 18. O-O Rfc8 19. a3 Bb4 20. Qb3 Rxc1 21. Rxc1
Bd2 22. Rc2 Bxf4 23. Nc6 Nc5 24. Qb5 a6 25. Qxb6 Nxd3 26. Bd4 h6 27. Qb3 Ne1
28. Rc5 Kh8 29. Kf1 Rc8 30. Nb8 Qd8 31. Rxc8 Qxc8 32. Kxe1 f6 33. Bc3 Qc5 34.
Qc2 Bg3+ 35. Kf1 Qb5+ 36. Qe2 Qxb8 37. exf6 Qf4+ 38. Qf3 gxf6 39. Bxf6+ Kh7 40.
Ke2 Kg6 1/2-1/2

[Event "Festugeturneringen 2017 Festgruppen"]
[Site "Aarhus"]
[Date "????.??.??"]
[Round "5"]
[White "Christensen, Tobias Bent"]
[Black "Hardlei, Johan"]
[Result "1-0"]
[WhiteElo "2353"]
[BlackElo "2171"]
[PlyCount "71"]
[EventType "swiss"]
[EventRounds "7"]
[EventCountry "DEN"]

1. e4 c5 2. Nf3 d6 3. d4 cxd4 4. Nxd4 Nf6 5. Nc3 g6 6. Be3 Bg7 7. f3 O-O 8. Qd2
Nc6 9. O-O-O d5 10. Kb1 Nxd4 11. e5 Nxf3 12. gxf3 Nd7 13. Nxd5 Bxe5 14. Bh6 Re8
15. f4 Bh8 16. f5 e6 17. fxe6 fxe6 18. Bg5 Nf6 19. Nxf6+ Bxf6 20. Qxd8 Rxd8 21.
Rxd8+ Bxd8 22. Bxd8 Bd7 23. Bg5 Bc6 24. Rg1 Rf8 25. Bc4 Bd5 26. Bxd5 exd5 27.
Be3 a6 28. c3 Rf3 29. Rg3 Rf1+ 30. Kc2 Kf7 31. Bd4 Rh1 32. Rg2 Ke6 33. Bg1 Kf5
34. Kd3 g5 35. Ke2 h5 36. Kf1 1-0

[Event "Festugeturneringen 2017 Festgruppen"]
[Site "Aarhus"]
[Date "????.??.??"]
[Round "5"]
[White "Hansen, Morten Lyck"]
[Black "Taylor, Graham Christopher"]
[Result "1/2-1/2"]
[WhiteElo "1958"]
[BlackElo "1864"]
[PlyCount "60"]
[EventType "swiss"]
[EventRounds "7"]
[EventCountry "DEN"]

1. e4 e5 2. Nf3 Nc6 3. Bb5 a6 4. Ba4 Nf6 5. d3 d6 6. c3 b5 7. Bc2 Be7 8. O-O
O-O 9. Nbd2 d5 10. Qe2 d4 11. cxd4 Nxd4 12. Nxd4 exd4 13. h3 Bb7 14. f4 c5 15.
g4 Rc8 16. g5 Nd7 17. b3 Nb6 18. Bb2 Re8 19. Qg4 c4 20. bxc4 bxc4 21. dxc4 d3
22. Bb3 Bb4 23. Nf3 Bc5+ 24. Kh2 Rxe4 25. Bxg7 Re2+ 26. Kg3 Kxg7 27. Nh4 Re3+
28. Kh2 Re2+ 29. Kg3 Re3+ 30. Kh2 Re2+ 1/2-1/2

[Event "Festugeturneringen 2017 Festgruppen"]
[Site "Aarhus"]
[Date "????.??.??"]
[Round "5"]
[White "Light, Bjarne"]
[Black "Hansen, Lars"]
[Result "1-0"]
[WhiteElo "2223"]
[BlackElo "2268"]
[PlyCount "103"]
[EventType "swiss"]
[EventRounds "7"]
[EventCountry "DEN"]

1. c4 b6 2. Nc3 Bb7 3. e4 e6 4. g3 f5 5. Bg2 Nf6 6. d3 fxe4 7. Nge2 Nc6 8. Nxe4
Nxe4 9. Bxe4 Qf6 10. a3 O-O-O 11. O-O g5 12. Be3 h5 13. d4 d5 14. cxd5 Ne7 15.
Nc3 Nxd5 16. Rc1 h4 17. Nxd5 Bxd5 18. Qg4 Bxe4 19. Qxe4 Rd5 20. Rc6 Bd6 21.
Rfc1 Kd7 22. R6c2 Qf5 23. Qxf5 Rxf5 24. Kg2 Rhf8 25. Kh3 a5 26. a4 Rg8 27. Kg4
Rg7 28. Re2 Rg8 29. h3 Rg7 30. Rcc2 Rg8 31. Bc1 Rg7 32. Re4 hxg3 33. fxg3 Rf1
34. Be3 Re1 35. Rf2 Rd1 36. Rf6 Rb1 37. Rf2 Ra1 38. Rg2 Rxa4 39. Bxg5 Be7 40.
h4 c5 41. Rd2 Bxg5 42. hxg5 Ke7 43. Kh5 Rxd4 44. Rdxd4 cxd4 45. Rxd4 e5 46. Rc4
Rh7+ 47. Kg4 Kd6 48. g6 Re7 49. Kf5 b5 50. Rg4 Kd5 51. Kf6 Re6+ 52. Kf7 1-0

[Event "Festugeturneringen 2017 Festgruppen"]
[Site "Aarhus"]
[Date "????.??.??"]
[Round "5"]
[White "Matthiesen, Martin"]
[Black "Rasmussen, Karsten"]
[Result "1/2-1/2"]
[WhiteElo "2291"]
[BlackElo "2440"]
[PlyCount "76"]
[EventType "swiss"]
[EventRounds "7"]
[EventCountry "DEN"]

1. d4 d5 2. Bf4 c5 3. e3 Nc6 4. c3 Nf6 5. Nd2 Bf5 6. Qb3 Qb6 7. dxc5 Qxb3 8.
axb3 e5 9. Bg3 Bxc5 10. Ngf3 e4 11. Nd4 Nxd4 12. exd4 Bb6 13. Be2 O-O 14. b4
Rfe8 15. O-O e3 16. fxe3 Rxe3 17. Ba6 bxa6 18. Rxf5 Re2 19. Rf2 Rae8 20. Nf3
Ng4 21. Rxe2 Rxe2 22. Re1 Rxe1+ 23. Nxe1 a5 24. bxa5 Bxa5 25. Nd3 Kf8 26. Bb8
Bb6 27. h3 Ne3 28. Kf2 Nc4 29. Nb4 Nxb2 30. Nxd5 Ke8 31. Ke2 Kd7 32. Kd2 Kc6
33. Ne7+ Kb5 34. Kc2 Nc4 35. Kd3 Nb2+ 36. Kc2 Nc4 37. Kd3 Nb2+ 38. Kc2 Nc4
1/2-1/2

[Event "Festugeturneringen 2017 Festgruppen"]
[Site "Aarhus"]
[Date "????.??.??"]
[Round "5"]
[White "Miqueu, Jean-Philippe"]
[Black "Thogersen, Rasmus"]
[Result "1/2-1/2"]
[WhiteElo "2106"]
[BlackElo "2252"]
[PlyCount "117"]
[EventType "swiss"]
[EventRounds "7"]
[EventCountry "DEN"]

1. e4 c5 2. Nf3 d6 3. Bb5+ Bd7 4. Bxd7+ Nxd7 5. O-O Ngf6 6. Qe2 e6 7. c3 Be7 8.
d4 O-O 9. Rd1 cxd4 10. cxd4 d5 11. e5 Ne4 12. Ne1 f5 13. f3 Ng5 14. Nd3 b5 15.
Nf4 Qb6 16. Nc3 b4 17. Na4 Qc6 18. b3 Nb6 19. Nxb6 Qxb6 20. Be3 Nf7 21. Rac1
Rfc8 22. Qd2 g5 23. Ne2 a5 24. Rxc8+ Rxc8 25. Rc1 Rc6 26. Rxc6 Qxc6 27. Qc1
Qxc1+ 28. Nxc1 Bd8 29. Kf1 Bb6 30. Bg1 f4 31. Ne2 Kg7 32. g4 fxg3 33. Nxg3 Kg6
34. Bf2 h5 35. Ke2 Nd8 36. Be3 h4 37. Nh1 Nf7 38. Nf2 Nh6 39. Kd3 Bd8 40. Ng4
h3 41. Nf2 Kh5 42. Nxh3 Kh4 43. Ng1 Nf5 44. Bf2+ Kh5 45. Ne2 Be7 46. Ng3+ Nxg3
47. Bxg3 Kg6 48. Ke3 Kf5 49. h3 Bf8 50. Be1 Be7 51. Bd2 Bd8 52. Bc1 Be7 53. Kf2
Kg6 54. Kg3 Kh5 55. Be3 Bd8 56. Bd2 Bb6 57. Be3 Bd8 58. Bd2 Bb6 59. Be3 1/2-1/2

[Event "Festugeturneringen 2017 Festgruppen"]
[Site "Aarhus"]
[Date "????.??.??"]
[Round "5"]
[White "Skaarup, Kasper"]
[Black "Rasmussen, Jens"]
[Result "1-0"]
[WhiteElo "1853"]
[BlackElo "1748"]
[PlyCount "99"]
[EventType "swiss"]
[EventRounds "7"]
[EventCountry "DEN"]

1. d4 d5 2. c4 Nf6 3. Nc3 c6 4. cxd5 cxd5 5. Bf4 Bd7 6. e3 h6 7. Qb3 Bc6 8. Nf3
Nbd7 9. Bd3 e6 10. h3 Be7 11. O-O Nh5 12. Bh2 O-O 13. Rac1 Rc8 14. Nb5 Bxb5 15.
Bxb5 Nhf6 16. Rc3 Rxc3 17. bxc3 a6 18. Bd3 b5 19. a4 bxa4 20. Qxa4 a5 21. Ra1
Ne4 22. Bxe4 dxe4 23. Nd2 f5 24. Qxa5 Qxa5 25. Rxa5 Bd8 26. Ra7 Nb6 27. c4 Rf7
28. Rxf7 Kxf7 29. c5 Nd5 30. Kf1 Nb4 31. Ke2 Ke7 32. Nc4 Nd5 33. Bd6+ Ke8 34.
f3 exf3+ 35. gxf3 g5 36. e4 fxe4 37. fxe4 Nc3+ 38. Kf3 Nb5 39. Be5 h5 40. Nd6+
Nxd6 41. Bxd6 Kd7 42. d5 exd5 43. exd5 Bf6 44. Bg3 Bd4 45. c6+ Kd8 46. Ke4 Bc5
47. d6 h4 48. Bh2 Bf2 49. Be5 Kc8 50. d7+ 1-0

[Event "Festugeturneringen 2017 Festgruppen"]
[Site "Aarhus"]
[Date "????.??.??"]
[Round "5"]
[White "Skytte, Rasmus"]
[Black "Iversen, Flemming Pagh"]
[Result "1-0"]
[WhiteElo "2394"]
[BlackElo "1779"]
[PlyCount "65"]
[EventType "swiss"]
[EventRounds "7"]
[EventCountry "DEN"]

1. e4 g6 2. d4 d6 3. Nc3 Bg7 4. Be3 Nf6 5. Qd2 Ng4 6. Bg5 f6 7. Bh4 O-O 8. Bc4+
Kh8 9. h3 Nh6 10. f4 c6 11. Nf3 b5 12. Bb3 a5 13. a4 b4 14. Ne2 Na6 15. O-O c5
16. d5 Qc7 17. Bc4 Nb8 18. Rae1 Nd7 19. b3 Nb6 20. Bb5 Nf7 21. Bg3 Rg8 22. Kh1
Bb7 23. c4 bxc3 24. Nxc3 Bc8 25. Qe2 g5 26. Bc6 Rb8 27. Nb5 Qd8 28. fxg5 fxg5
29. e5 g4 30. hxg4 Bxg4 31. exd6 Bxf3 32. Rxf3 Ng5 33. dxe7 1-0

[Event "Festugeturneringen 2017 Festgruppen"]
[Site "Aarhus"]
[Date "????.??.??"]
[Round "5"]
[White "Vangsgard, Freja"]
[Black "Holm, Filip Martin Kierulf"]
[Result "1/2-1/2"]
[WhiteElo "2062"]
[BlackElo "1807"]
[PlyCount "119"]
[EventType "swiss"]
[EventRounds "7"]
[EventCountry "DEN"]

1. d4 d5 2. c4 c6 3. Nf3 Nf6 4. e3 Nbd7 5. b3 e6 6. Bb2 Be7 7. Bd3 b6 8. O-O
O-O 9. Nc3 Re8 10. Qc2 Ba6 11. Rad1 Rc8 12. Ne5 h6 13. f4 c5 14. cxd5 Bxd3 15.
Qxd3 Nxe5 16. dxe5 Nxd5 17. Nxd5 exd5 18. Qxd5 Qxd5 19. Rxd5 c4 20. bxc4 Rxc4
21. Rd2 Bc5 22. Bd4 Bb4 23. Re2 f6 24. Kf2 fxe5 25. Bxe5 Re4 26. Rd1 Rc4 27.
Rd7 Re7 28. Rxe7 Bxe7 29. Bd4 Kf7 30. g4 g6 31. Kf3 Bc5 32. Bxc5 Rxc5 33. Rd2
Ke6 34. h3 b5 35. Rb2 a5 36. Kf2 b4 37. e4 Rc3 38. f5+ Kf6 39. h4 gxf5 40. exf5
Rc4 41. Kg3 Rc3+ 42. Kh2 h5 43. gxh5 Kxf5 44. Rg2 a4 45. h6 Rc8 46. h7 Rh8 47.
Rg5+ Kf6 48. Rb5 b3 49. axb3 axb3 50. Rxb3 Rxh7 51. Kh3 Kg6 52. Kg4 Rg7 53. h5+
Kh6+ 54. Kf5 Rg5+ 55. Kf6 Rxh5 56. Rb8 Kh7 57. Rb7+ Kh6 58. Rb8 Kh7 59. Rb7+
Kh6 60. Rb8 1/2-1/2

[Event "Festugeturneringen 2017 Festgruppen"]
[Site "Aarhus"]
[Date "????.??.??"]
[Round "6"]
[White "Hansen, Lars"]
[Black "Hansen, Morten Lyck"]
[Result "1-0"]
[WhiteElo "2268"]
[BlackElo "1958"]
[PlyCount "51"]
[EventType "swiss"]
[EventRounds "7"]
[EventCountry "DEN"]

1. e4 c6 2. d4 d5 3. exd5 cxd5 4. Bd3 Nc6 5. c3 Qc7 6. Ne2 Bg4 7. O-O e6 8. Qe1
Bd6 9. f3 Bh5 10. Qh4 Bg6 11. Bxg6 fxg6 12. Nf4 Bxf4 13. Bxf4 Qe7 14. Qh3 Nf6
15. Re1 Kf7 16. Na3 a6 17. Re2 Rhe8 18. Rae1 Qd7 19. Nc2 Re7 20. Bg5 h5 21. Re3
Rae8 22. R1e2 Kg8 23. Ne1 Nd8 24. Qh4 Rf7 25. Nd3 Nc6 26. Nf4 1-0

[Event "Festugeturneringen 2017 Festgruppen"]
[Site "Aarhus"]
[Date "????.??.??"]
[Round "6"]
[White "Hardlei, Johan"]
[Black "Skytte, Rasmus"]
[Result "1/2-1/2"]
[WhiteElo "2171"]
[BlackElo "2394"]
[PlyCount "115"]
[EventType "swiss"]
[EventRounds "7"]
[EventCountry "DEN"]

1. Nf3 Nf6 2. e3 g6 3. Be2 Bg7 4. O-O O-O 5. d4 c5 6. b3 cxd4 7. Nxd4 d5 8. Bb2
Bd7 9. c4 dxc4 10. Bxc4 Qc7 11. h3 Nc6 12. Nc3 Rad8 13. Nxc6 Bxc6 14. Qe2 a6
15. b4 b5 16. Bb3 Qb7 17. f3 Nh5 18. Rfd1 e6 19. Rxd8 Rxd8 20. Rd1 Rc8 21. Rc1
Ng3 22. Qf2 Nf5 23. Nd1 Bh6 24. Rc2 Rd8 25. Rd2 Rxd2 26. Qxd2 Qb6 27. Kf2 Qc7
28. Kf1 Bb7 29. Kf2 Qg3+ 30. Kf1 Bxf3 31. gxf3 Qxf3+ 32. Kg1 Nxe3 33. Qd8+ Bf8
34. Nxe3 Qxe3+ 35. Kf1 Qxh3+ 36. Ke1 Qf5 37. Qd4 e5 38. Qxe5 Bxb4+ 39. Ke2
Qxe5+ 40. Bxe5 Kf8 41. Bd5 Be7 42. Bb7 a5 43. Bc6 b4 44. Bc7 h5 45. Bxa5 h4 46.
Kf3 f5 47. Kf4 Kf7 48. Ke5 h3 49. Bc7 Bf6+ 50. Kf4 Ke6 51. Kg3 Be5+ 52. Bxe5
Kxe5 53. Kxh3 Kd4 54. Kh4 Kc3 55. Kg5 Kb2 56. Bd5 Ka3 57. Kxg6 f4 58. Kf5
1/2-1/2

[Event "Festugeturneringen 2017 Festgruppen"]
[Site "Aarhus"]
[Date "????.??.??"]
[Round "6"]
[White "Iversen, Flemming Pagh"]
[Black "Qazizada, Jacob"]
[Result "1/2-1/2"]
[WhiteElo "1779"]
[BlackElo "1611"]
[PlyCount "40"]
[EventType "swiss"]
[EventRounds "7"]
[EventCountry "DEN"]

1. Nf3 e6 2. g3 b6 3. Bg2 Bb7 4. O-O f5 5. d3 Nf6 6. Nbd2 Be7 7. b3 O-O 8. Bb2
Qe8 9. c4 c5 10. a3 Na6 11. Nh4 Bxg2 12. Nxg2 Nc7 13. e4 d5 14. exf5 exf5 15.
Re1 Qf7 16. Nf3 Bd6 17. Be5 Qd7 18. Nf4 Bxe5 19. Nxe5 Qd6 20. Ra2 Nd7 1/2-1/2

[Event "Festugeturneringen 2017 Festgruppen"]
[Site "Aarhus"]
[Date "????.??.??"]
[Round "6"]
[White "Matthiesen, Martin"]
[Black "Light, Bjarne"]
[Result "1/2-1/2"]
[WhiteElo "2291"]
[BlackElo "2223"]
[PlyCount "96"]
[EventType "swiss"]
[EventRounds "7"]
[EventCountry "DEN"]

1. d4 Nf6 2. c4 e6 3. Nf3 d5 4. Nc3 Bb4 5. e3 O-O 6. Bd2 b6 7. Bd3 Ba6 8. Qe2
Nbd7 9. O-O Re8 10. Nxd5 Nxd5 11. cxd5 Bxd3 12. Qxd3 Bd6 13. dxe6 Rxe6 14. Rfe1
Nc5 15. Qf5 g6 16. Qc2 Ne4 17. Red1 g5 18. Be1 Qe7 19. Nd2 g4 20. d5 Re5 21.
Nxe4 Rxe4 22. Bc3 Re8 23. Rd4 f5 24. g3 h5 25. Rad1 h4 26. Rxe4 fxe4 27. Qe2
Qg5 28. Rd4 h3 29. a4 a5 30. b3 Qf5 31. Rc4 Kf7 32. Kf1 Ke7 33. Ke1 Kd8 34. b4
axb4 35. Bxb4 Rf8 36. Bxd6 cxd6 37. Rc6 Ke7 38. Rxb6 Rc8 39. Qb2 Qxd5 40. Rb7+
Ke6 41. Rb8 Rxb8 42. Qxb8 Qa5+ 43. Ke2 Qxa4 44. Qg8+ Ke7 45. Qg5+ Ke8 46. Qg8+
Ke7 47. Qxg4 Qc2+ 48. Ke1 Qc3+ 1/2-1/2

[Event "Festugeturneringen 2017 Festgruppen"]
[Site "Aarhus"]
[Date "????.??.??"]
[Round "6"]
[White "Rasmussen, Karsten"]
[Black "Christensen, Tobias Bent"]
[Result "1/2-1/2"]
[WhiteElo "2440"]
[BlackElo "2353"]
[PlyCount "160"]
[EventType "swiss"]
[EventRounds "7"]
[EventCountry "DEN"]

1. d4 g6 2. e4 Bg7 3. Nf3 d6 4. Bc4 Nf6 5. Qe2 O-O 6. O-O Bg4 7. Nbd2 Nc6 8. c3
d5 9. exd5 Nxd5 10. h3 Bf5 11. Ne4 Nb6 12. Bb5 Qd5 13. Ng3 Be6 14. b3 Bd7 15.
Bd3 e5 16. Be4 Qd6 17. dxe5 Nxe5 18. Bxb7 Rab8 19. Bf4 Rfe8 20. Nxe5 Bxe5 21.
Bxe5 Rxe5 22. Qf3 Nd5 23. Bxd5 Qxd5 24. Qxd5 Rxd5 25. Rfd1 Rxd1+ 26. Rxd1 Bc6
27. Rd4 Rb6 28. f3 Ra6 29. Rd2 Kf8 30. Kf2 Ke7 31. Ne2 g5 32. c4 Ra5 33. Nd4
Bd7 34. a4 c5 35. Nc2 Be6 36. Ne3 Ra6 37. Nd5+ Kf8 38. Ke3 Rc6 39. a5 h6 40.
Ke4 Kg7 41. Ke5 Bc8 42. Ke4 Re6+ 43. Kd3 Re1 44. Kc3 Bf5 45. b4 Rc1+ 46. Kb3
Rb1+ 47. Rb2 Rxb2+ 48. Kxb2 cxb4 49. Kb3 Kf8 50. Kxb4 Ke8 51. Kc5 Bd3 52. Kd4
Bf1 53. Ne3 Be2 54. Kd5 Kd7 55. c5 Kc7 56. Nf5 Bf1 57. Ne3 Be2 58. Kd4 h5 59.
Nd5+ Kc6 60. f4 f6 61. Nxf6 gxf4 62. Nd5 f3 63. gxf3 Bxf3 64. Ne7+ Kb5 65. Nc8
a6 66. Na7+ Kxa5 67. h4 Bg4 68. Kd5 Kb4 69. Nc6+ Kc3 70. Kd6 Kd2 71. Ne5 a5 72.
Nc4+ Ke2 73. Nxa5 Kf2 74. Nc4 Kg3 75. Ne5 Kxh4 76. c6 Bc8 77. Kc7 Ba6 78. Kb6
Bc8 79. Kc7 Ba6 80. Kb6 Bc8 1/2-1/2

[Event "Festugeturneringen 2017 Festgruppen"]
[Site "Aarhus"]
[Date "????.??.??"]
[Round "6"]
[White "Taylor, Graham Christopher"]
[Black "Miqueu, Jean-Philippe"]
[Result "0-1"]
[WhiteElo "1864"]
[BlackElo "2106"]
[PlyCount "86"]
[EventType "swiss"]
[EventRounds "7"]
[EventCountry "DEN"]

1. Nf3 d5 2. g3 Nf6 3. Bg2 c6 4. O-O Bg4 5. h3 Bh5 6. d3 Nbd7 7. Nbd2 e6 8. e4
Bd6 9. Qe1 Qb8 10. d4 Nxe4 11. Nxe4 dxe4 12. Qxe4 O-O 13. b3 a5 14. Bb2 a4 15.
c4 Re8 16. Qe3 f6 17. c5 Bc7 18. Nd2 Nf8 19. Nc4 Bf7 20. Qc3 Ng6 21. Rad1 Ne7
22. Ne3 Qa7 23. b4 Rad8 24. Qa3 Rd7 25. Be4 b5 26. Bg2 Qb8 27. Bc3 Bh5 28. Rde1
Bg6 29. Bb2 Qd8 30. Rd1 Nd5 31. Nxd5 exd5 32. Rfe1 Rde7 33. Bc3 Be4 34. Qc1
Bxg2 35. Kxg2 Re2 36. Rxe2 Rxe2 37. Bd2 Qe8 38. Re1 Kf7 39. Qd1 Qe4+ 40. Kg1
Rxe1+ 41. Bxe1 g6 42. Bc3 f5 43. Qd2 f4 0-1

[Event "Festugeturneringen 2017 Festgruppen"]
[Site "Aarhus"]
[Date "????.??.??"]
[Round "6"]
[White "Thogersen, Rasmus"]
[Black "Skaarup, Kasper"]
[Result "1-0"]
[WhiteElo "2252"]
[BlackElo "1853"]
[PlyCount "65"]
[EventType "swiss"]
[EventRounds "7"]
[EventCountry "DEN"]

1. e4 e6 2. d4 d5 3. Nc3 Nf6 4. e5 Nfd7 5. f4 c5 6. Nf3 Nc6 7. Be3 cxd4 8. Nxd4
Bc5 9. Qd2 O-O 10. O-O-O Nxd4 11. Bxd4 a6 12. Kb1 b5 13. Bxc5 Nxc5 14. Qf2 Qe7
15. Bd3 Bb7 16. Ne2 Rac8 17. g4 Ne4 18. Bxe4 dxe4 19. Qe3 f6 20. Rd6 fxe5 21.
fxe5 Qc7 22. Nd4 Rf3 23. Nxf3 Qxc2+ 24. Ka1 exf3 25. Qd2 Bd5 26. Rd8+ Kf7 27.
Qf4+ Kg6 28. Rd7 Qc4 29. Qf7+ Kg5 30. Qxg7+ Kf4 31. Qh6+ Ke4 32. Re1+ Kd3 33.
Qe3+ 1-0

[Event "Festugeturneringen 2017 Festgruppen"]
[Site "Aarhus"]
[Date "????.??.??"]
[Round "6"]
[White "Wegger, Alfred"]
[Black "Vangsgard, Freja"]
[Result "0-1"]
[WhiteElo "1644"]
[BlackElo "2062"]
[PlyCount "44"]
[EventType "swiss"]
[EventRounds "7"]
[EventCountry "DEN"]

1. e4 c6 2. Nc3 d5 3. Nf3 dxe4 4. Nxe4 Bg4 5. h3 Bxf3 6. Qxf3 e6 7. Bc4 Nf6 8.
Nxf6+ Qxf6 9. Qxf6 gxf6 10. b3 Nd7 11. Bb2 O-O-O 12. O-O-O Bh6 13. Kb1 Rhg8 14.
g3 Ne5 15. Bxe5 fxe5 16. Rhe1 Bxd2 17. Re4 Bc3 18. Rxd8+ Rxd8 19. Bd3 f5 20.
Rh4 e4 21. Be2 Rd2 22. Bh5 Bf6 0-1

[Event "Festugeturneringen 2017 Festgruppen"]
[Site "Aarhus"]
[Date "????.??.??"]
[Round "7"]
[White "Christensen, Tobias Bent"]
[Black "Matthiesen, Martin"]
[Result "0-1"]
[WhiteElo "2353"]
[BlackElo "2291"]
[PlyCount "90"]
[EventType "swiss"]
[EventRounds "7"]
[EventCountry "DEN"]

1. e4 e5 2. Nf3 Nc6 3. d4 exd4 4. Nxd4 Nf6 5. Nxc6 bxc6 6. Bd3 d6 7. f3 g6 8.
Be3 Bg7 9. Nd2 O-O 10. O-O Re8 11. Re1 Be6 12. c3 c5 13. Qa4 Bd7 14. Qc2 a5 15.
a4 Qb8 16. Bc4 Be6 17. Bxe6 Rxe6 18. Ra3 Qe8 19. Rb3 Nd7 20. Rb5 c6 21. Rb7 Qc8
22. Rb3 d5 23. Bf2 c4 24. Ra3 Ne5 25. b3 Nd3 26. Rf1 Nxf2 27. Rxf2 Bf8 28. Ra1
Bc5 29. bxc4 Bxf2+ 30. Kxf2 Qc7 31. cxd5 cxd5 32. Qd3 dxe4 33. Nxe4 Rd8 34. Qb5
Rb8 35. Qg5 Qxh2 36. Rd1 Rb2+ 37. Rd2 Rxd2+ 38. Qxd2 Qh4+ 39. Kf1 Qh1+ 40. Kf2
Qh4+ 41. Kf1 Rb6 42. Ke2 Rb1 43. c4 Rg1 44. Qc3 Rxg2+ 45. Ke3 f5 0-1